000 00218 a2200097 4500
001 39929
100 _aZ A Sulehri
245 _aMasla-e-Afghanistan
260 _aLahore
_bjang Publishers
_c1988
090 _c24920
_d24920
942 _aNUST-CAE
_cM
_c16581
999 _c275002
_d275002